Czy te filmy to ekranizacje książek? - Statystyki

Ogólne statystyki
  • Ten quiz został rozwiązany 38 razy
  • Średni wynik to 16 z 21
Statystyki odpowiedzi
Zagadnienie Odpowiedź % Poprawnych
Kiler Nie
97%
Chłopi Tak
97%
Wiedźmin Tak
97%
Dzień świra Nie
94%
Seksmisja Nie
94%
Pulp Fiction Nie
91%
Sami swoi Nie
91%
Skazani na Shawshank Tak
88%
Chłopiec w pasiastej piżamie Tak
85%
Dziennik Bridget Jones Tak
85%
Bogowie Nie
79%
Król lew Nie
79%
Interstellar Nie
79%
Solaris Tak
79%
Podziemny krąg Tak
68%
Joker Nie
65%
Nigdy w życiu Tak
65%
Forrest Gump Tak
59%
Stowarzyszenie umarłych poetów Nie
50%
Requiem dla snu Tak
44%
Pianista Tak
38%
Nie znaleziono quizów pasujących do podanych kryteriów
Rozkład punktacji
Procent ludzi z każdym wynikiem
Percentyl według liczby udzielonych odpowiedzi
Twoja historia wyników
Nie rozwiązałeś tego quizu